Rimas, leyendas y narraciones
Enregistré dans:
| Auteur principal: | |
|---|---|
| Format: | Livre |
| Langue: | Undetermined |
| Publié: |
México, Distrito Federal
Porrúa
1979
|
| Édition: | 13 |
| Sujets: | |
| Tags: |
Ajouter un tag
Pas de tags, Soyez le premier à ajouter un tag!
|
MARC
| LEADER | 00000nam a2200000Ia 4500 | ||
|---|---|---|---|
| 008 | 170316s9999 xx 000 0 und d | ||
| 040 | |a cru BVZT | ||
| 090 | |a 862 B-7rn | ||
| 100 | |a Bécquer, Gustavo Adolfo | ||
| 245 | |a Rimas, leyendas y narraciones | ||
| 250 | |a 13 | ||
| 260 | |a México, Distrito Federal | ||
| 260 | |b Porrúa | ||
| 260 | |c 1979 | ||
| 300 | |a 217 páginas | ||
| 650 | |a LITERATURA ESPAÑOLA | ||
| 999 | |c 9592 |d 9592 | ||
| 942 | |c 15 D |h 862 B-7rn |2 z | ||
